000 00680nam a2200277Ia 4500
005 20260121124600.0
008 008 260114s9999 xx 000 0 eng d
020 _a9780773551701
037 _aEBOOK
040 _aCRL
040 _beng
040 _cCRL
041 _2eng
041 _aeng
084 _qCRL
100 _aLusztig, Michael
_9978436
245 4 _aThe Culturalist Challenge to Liberal Republicanism
260 _bWalter de Gruyter
260 _bWalter de Gruyter
260 _c2017
650 _aPhilosophy
_9978437
856 _uhttp://www.degruyter.com/isbn/9780773551701
942 _cEBOOK
999 _c1555671
_d1555671